| 000 | 01399nam a2200313 4500 | ||
|---|---|---|---|
| 001 | 114155 | ||
| 003 | DR-UNIBE | ||
| 005 | 20251015154734.0 | ||
| 008 | 251015b2025 dr ||||| |||| 00| 1 spa d | ||
| 020 | _a9789945525014 | ||
| 040 |
_aBIBLIOTECA UNIBE _bspa _cBIBLIOTECA UNIBE _erda |
||
| 041 | _aspa | ||
| 090 | _aFBIU-EN CI SA237c | ||
| 100 | 1 | 0 |
_aSantos, Dulce Elvira de los, _q(Santos Mata, Dulce Elvira de los) _d1964- _960846 _eautor |
| 245 | 1 | 0 |
_aCuentos para toda la vida / _cDulce Elvira de los Santos ; coordinación editorial: Clara Dobarro , edición: María del Carmen Vicente ; ilustraciones: Henry Cid ; diseño y diagramación: Elizabeth López Rosario |
| 250 | _aPrimera edición | ||
| 260 |
_aSanto Domingo : _bEditora Nacional, _c2025 |
||
| 300 |
_a93 páginas : _bilustraciones a color ; _c14 x 16 cm |
||
| 500 | _aDatos del autor en las solapas, comentario de la obra en la contraportada | ||
| 653 | 7 | _aCuentos infantiles dominicanos | |
| 653 | 7 | _aLiteratura infantil dominicana | |
| 653 | 7 | _aFantasía - Cuentos infantiles dominicanos | |
| 700 | 1 | 0 |
_aContreras Núñez, Brunilda Altagracia _98974 _ecomentarista |
| 700 | 0 |
_aDobarro, Clara _9142384 _ecoordinador editorial |
|
| 700 | 0 |
_aVicente, María del Carmen _9142383 _eeditor |
|
| 700 | 0 |
_aCid, Henry _953412 _eilustrador |
|
| 700 | 0 |
_aLópez Rosario, Elizabeth _9191723 _ediseñador _ediagramador |
|
| 942 |
_2ddc _cBK |
||
| 999 |
_c114155 _d114155 |
||